000 00542nam a22001817a 4500
999 _c171548
_d171548
005 20200115122027.0
010 _aB-98285
020 _c120.00
035 _aB-98285
037 _bBPPD/Pub.
082 _a270.41
100 _aعبدول راشید
245 _aاسلام اور تعمر شخصیت /
_cعبدول راشید
246 _aIslam Aur Tameer-E-Shakhsiyat (Urdu) /
_bby Abdul Rasheed
260 _aDelhi
_cء2004
_bMaktaba Al Hasnat
300 _a302p.
_c20cm(Hb)
942 _2ddc
_cUR
_h270.41
_mع ب د